| 000 | 00423nam a2200169Ia 4500 | ||
|---|---|---|---|
| 008 | 230524s9999 xx 000 0 und d | ||
| 020 | _a0074636391 | ||
| 082 |
_a4.166 _bDOU |
||
| 100 | _aDouglas V.Hall | ||
| 245 | 0 | _aMicroprocessor and Interfacing Programming & Hardware | |
| 250 | _a14TH | ||
| 260 |
_aNEW DELHI _bTMH _c1998 |
||
| 300 | _aVI;559 | ||
| 500 | _aQuantity Number: 7 | ||
| 650 | _aComp-Sc | ||
| 942 | _cBK | ||
| 999 |
_c16553 _d16553 |
||